000 00665nam a2200277Ia 4500
005 20260324144418.0
008 008 260324s9999 xx 000 0 eng d
020 _a9781315507255
037 _aEBOOK
040 _aCRL
040 _beng
040 _cCRL
041 _2eng
041 _aeng
084 _qCRL
100 _aRobert Ellwood; Harry Partin
_91219225
245 0 _aReligious and Spiritual Groups in Modern America
260 _bTaylor and Francis
260 _c1988
365 _a
365 _b300
856 _uhttp://www.taylorfrancis.com/books/9781315507255
942 _cEBOOK
999 _c1825813
_d1825813